Chicago Rappers - Statistics

General Stats
  • This quiz has been taken 315 times
    283 since last reset
  • The average score is 16 of 73
Answer Stats
Hint Answer % Correct
Took Her To The O King Von
95%
Love Sosa Chief Keef
93%
No Auto ____ Lil Durk
88%
Lucid Dreams Juice WRLD
60%
PTSD G Herbo
58%
Gold Digger Kanye West
57%
Neva Cared Polo G
54%
Slide FBG Duck
53%
Come Outside Lil Reese
48%
Some More L'A Capone
43%
BDK Lil JoJo
36%
Been Savage Fredo Santana
33%
Hang Wit Me RondoNumbaNine
33%
You Ain't Gang Lil Bibby
31%
JAPAN Famous Dex
30%
Hot Shower Chance The Rapper
28%
Killa Young Pappy
27%
Envy Me Calboy
26%
GD Anthem Rooga
25%
Don't Get Smoked 600Breezy
23%
Computers [Remix] FBG Wooski
23%
Kill To Survive KTS Von
22%
Ice Cream Truck Montana of 300
22%
OSOARROGANT Lil Jay
21%
No Competition Lil Marc
21%
War Edai
20%
No Lacking Lil Mister
20%
Bail Out Cdai
19%
Live & Die In Chicago King Louie
19%
Apart Booka600
18%
Glory Common
17%
Let It Blow Memo600
17%
Overnight Celebrity Twista
17%
Get Back Mode Boss Top
16%
51 Dead Opps Drilla
16%
The Show Goes On Lupe Fiasco
16%
Worst Memory Tay600
16%
Computer Murderers [Remix] FBG Cash
15%
More Than Ever Lucki
15%
When They See Us Capo
14%
Changed Up Lil Zay Osama
14%
Nobody Move Muwop
14%
OC OTF Nunu
13%
Beat That Body THF Zoo
13%
Cousins JusBlow600
12%
Recuperate Lud Foe
12%
Snitch K Prince Dre
12%
Hit Em Up [Remix] Rico Recklezz
11%
BookBag BigKayBeezy
10%
Onna Come Up Lil Eazzyy
10%
4KTroll Shoebox Baby
10%
Melly Way Billionare Black
8%
Smokin' and Ridin' BJ The Chicago Kid
8%
What I Do Blood Money
8%
Turkey Season Chief Wuk
8%
Don't Tell Em Jeremih
8%
Death of 150 ShootaShellz
8%
DO DO DAH DO DO DAH FBG Young
7%
CLOUT King Yella
7%
No Auto Timmy OTF Timo
6%
Mhm Mhm Cdot Honcho
5%
Slide N Die FBG Dutchie
5%
OTFK MUBU Krump
5%
U Mad Vic Mensa
5%
Facts Bando HotHead
4%
Who Run It [Remix] Dooski Tha Man
4%
With That DqFrmDaO
4%
Body Dreezy
4%
I Ain't Munna Duke
4%
46 Dead Opps THF Billa
4%
Fuckn It Up Hypno Carlito
3%
Big 300 Intro OTF Twin
3%
Turbulence OTF Ikey
1%
No matching quizzes found
Score Distribution
Percent of People with Each Score
Percentile by Number Answered
Your Score History
You have not taken this quiz since the last reset